000 01179cam a22003857a 4500
003 CHAP
005 20220817043536.0
008 990527d1997 it a rn 00110 eng d
010 _a78020
011 _a78992
020 _a9251040125
035 _a89110
040 _cCHAP
082 0 4 _a639.2
_bF3 v.367
110 2 _aFAO
245 1 0 _aKrill fisheries of the world
_c/by Stephen Nicol and Yoshinari Endo
260 _aRome :
_bFAO,
_c1997
300 _a100 p. :
_bilus. ; mapas
410 2 _aFAO
490 0 _aDocumento técnico de pesca
_v; 367
590 _aBATCH-UPD
_b10
_c20130110
_lUCH01
_h0805
590 _aBATCH-UPD
_b10
_c20130111
_lUCH01
_h0003
590 _aBATCH-UPD
_b10
_c20130410
_lUCH01
_h0443
590 _aBATCH-UPD
_b10
_c20130914
_lUCH01
_h1214
590 _aCONVERSION
_b10
_c20130109
_lUCH01
_h1343
650 1 4 _aEuphausia superba.
_938848
700 0 _aEndo, Yoshinari.
_936870
700 0 _aNicol, Stephen.
_981182
810 0 _aFAO
830 0 0 _aDocumento técnico de pesca
_v; 367
_933242
901 _aBK
905 _aLilia Sánchez G.
942 _cLIBRO
949 _a639.2 F3 v.367
_bBC
_cFAO
_d33724000724811
_eFAO1
_h95456
_i89110
_kDonaciØn
_sb
999 _c78020
_d78020